Giáo trình lý thuyết quản trị kinh doanh /

Αποθηκεύτηκε σε:
Λεπτομέρειες βιβλιογραφικής εγγραφής
Κύριος συγγραφέας: Mai Văn Bưu
Μορφή: Βιβλίο
Γλώσσα:Vietnamese
Έκδοση: Khoa học và kỹ thuật 2001
Ετικέτες: Προσθήκη ετικέτας
Δεν υπάρχουν, Καταχωρήστε ετικέτα πρώτοι!
Thư viện lưu trữ: Mạng thư viện Đại học Đà Nẵng
LEADER 00663nam a2200265 4500
001 000027766
003 MA-BX
005 20150403120000.0
008 150403s vm 000 vie
020 |c 0,0000 
040 |a notts 
100 |a Mai Văn Bưu 
245 |a Giáo trình lý thuyết quản trị kinh doanh /  |c MaiVăn Bưu, Phan Kim Chiến. 
260 |b Khoa học và kỹ thuật  |c 2001 
OWN |a LTT 
999 |a From the UDN01 
TYP |a Monograph 
TYP |a Printed language 
980 |a Mạng thư viện Đại học Đà Nẵng